LEADER 01730nam a2200325 u 4500 001 000000053390 003 CaOOAMICUS 005 20070226115545.0 008 001115s1999 it u000 u eng u 035 $a10861256 040 $aPUL$bita 100 1 $aNyoni, Ferdinand.$0(OLS)http://pul/name/38009 245 10$aAnnouncing the God of Jesus Christ in the cultural context of the Ngoni people :$bpastoral analysis, evaluation and orientations for an inculturated evangelization in Tanzania /$cFerdinand Nyoni. 260 $aRoma :$b[s.n.],$c1999. 300 $a143 p. ;$c24 cm 490 1 $aUniversità pontificia salesiana. Facoltà di teologia. Tesi di dottorato ;$vn. 418 500 $aEstratto di Diss. -- Pontificia Università salesiana. 504 $a"Bibliography": p. [101]-135. 650 4$aEvangelizzazione$zTanzania.$0(OLS)http://pul/subject/22065 710 2 $aPontificia Università Salesiana.$0(OLS)http://pul/name/7805 830 0$aTesi di dottorato (Pontificia Università salesiana. Facoltà di teologia) ;$vn. 418.$0(OLS)http://pul/title/71612 850 $aPUL 852 $aPUL$W1$xDP1 Tesi Pon. Univ. Salesiana$y46$mTH SAL 418$j70456$nBK-PRI$b $qTesi$B70456$CPULBib$Z2$F70456 $H $81 910 $aPontificio Ateneo Salesiano$97805 910 $aPontificio Ateneo Salesiano$97805 910 $aUniversità Pontificia Salesiana$97805 941 1 $a16 961 $aINV: 82734 996 $6245$aAnnouncing the God of Jesus Christ in the cultural context of the Ngoni people :$bpastoral analysis, evaluation and orientations for an inculturated evangelization in Tanzania$9(OLS)http://pul/title/71630 996 $6260$aRoma :$b[s.n.]$9(OLS)http://pul/publisher/47958 LEADER 01178nam a2200277 u 4500 001 000000072482 003 CaOOAMICUS 005 20070226122239.0 008 020617s1979 enk u000 u eng u 020 $a0297776827 035 $a10933690 040 $aPUL(R)$bita 100 1 $aDahrendorf, Ralph,$d1929-2009.$0(OLS)http://pul/name/31787 245 10$aLife chances :$bapproaches to social and political theory /$cRalf Dahrendorf. 260 $aLondon :$bWeidenfeld and Nicolson,$cc1979. 300 $aix, 181 p. ;$c20 cm 500 $aContiene indici. 504 $aBibliografia in appendice. 650 4$aTeorie economiche$ySec. XX.$0(OLS)http://pul/subject/25526 650 4$aStato e società.$0(OLS)http://pul/subject/18460 850 $aPUL 852 $aPUL$W1$xDP1 Cons. Gen., Altre Classi 1$y22$m841 F 42$j93760$nBK-PRI$b $qStampati$B93760$CPULBib$Z2$F93760 $H65512 $81 941 1 $a8 996 $6020$a0297776827$9(OLS)http://pul/number/93562 996 $6245$aLife chances :$bapproaches to social and political theory$9(OLS)http://pul/title/95348 996 $6260$aLondon :$bWeidenfeld and Nicolson$9(OLS)http://pul/publisher/59798